|
|
|
|
| LEADER |
00955nam a2200253 u 4500 |
| 001 |
10038661 |
| 003 |
upatras |
| 005 |
20210117195806.0 |
| 008 |
010118s1999 it ger |
| 020 |
|
|
|a 8881582317
|
| 040 |
|
|
|a GR-PaULI
|c GR-PaULI
|
| 041 |
0 |
|
|a ger
|a eng
|
| 082 |
0 |
4 |
|a 720.92
|
| 245 |
1 |
0 |
|a Toyo Ito
|b blurring architecture
|c herausgeber Ulrich Schneider
|
| 260 |
|
|
|a Milano
|b Edizioni Charta
|c 1999
|
| 300 |
|
|
|a 237 p.
|b phot.
|c 28 cm.
|
| 600 |
1 |
4 |
|a Ito- Toyo
|d 1941-
|9 26739
|
| 650 |
|
4 |
|a Αρχιτεκτονική
|y 20ός αιώνας
|9 6376
|
| 700 |
1 |
|
|a Schneider, Ulrich
|4 edt
|9 26740
|
| 852 |
|
|
|a GR-PaULI
|b ΠΑΤΡΑ
|b ΑΡΧΙΤΕΚΤΟΝΙΚΗ
|k ΑΣΧΞ-2
|h 720.92 ITO
|m 000776
|p 025000089311
|t 1
|
| 942 |
|
|
|2 ddc
|c BK15
|
| 952 |
|
|
|0 0
|1 0
|4 0
|6 720_920000000000000_ITO
|7 0
|9 24989
|a ARCH
|b ARCH
|d 2016-04-24
|i 000776
|l 3
|m 1
|o 720.92 ITO
|p 025000089311
|r 2022-05-25 00:00:00
|s 2022-05-11
|t 1
|w 2016-04-24
|y BK15
|
| 998 |
|
|
|c MANIAKH
|d 2001-01
|
| 999 |
|
|
|c 15791
|d 15791
|